| 000 | 01922nam0a2200289 4500 | ||
|---|---|---|---|
| 001 | RU\NLR\BIBL_A\011734699 | ||
| 005 | 20260406042925.0 | ||
| 035 | _a(NLR Aleph) 011734699 | ||
| 090 |
_a11547818 _c11547818 |
||
| 100 | _a20180621d2002 |||y0rusy50 ca | ||
| 101 | 0 | _arus | |
| 102 | _aRU | ||
| 105 | _aac||z|||000zy | ||
| 200 | 1 |
_aПолное собрание духовные стихотворений настоятельницы Иоанно-Предтеченского Леушинского монастыря _fигумения Таисия Леушинская _g[редактор: священник Геннадий Беловолов, настоятель храма св. Ап. и Ев. Иоанна Богослова] |
|
| 205 |
_a7-е изд. _b2-е после 1917 г. |
||
| 210 |
_aСанкт-Петербург _cЛеушинское подворье _d2002 |
||
| 215 |
_a98, [5] с. _cил., портр. _d20 |
||
| 327 | 1 | _aСодерж.: циклы: Молитва есть дар благодати священный; Впечатление инокини при виде мирской суеты; Над Священным Писанием; Пролог в стихах; Мои воспоминанья; В Леушино; Праведнику; "С нами Царь наш, Царь Державный, Сердца русского любовь..." | |
| 686 | 2 | _aШ6(2=Р)52-4 | |
| 700 | 0 |
_8rus _7ca _aТаисия _cСолопова, Мария Васильевна _cигумения _f1840-1915 _3RU\NLR\AUTH\773062 _9113068 |
|
| 702 | 1 |
_4340 _8rus _7ca _aБеловолов _bГ. _f1958- _gГеннадий _3RU\NLR\AUTH\7723107 _96161 |
|
| 942 | _cBOOK | ||
| 980 | _aNB | ||